| 000 | 00813nam a22002175i 4500 | ||
|---|---|---|---|
| 001 | 162128 | ||
| 003 | ES-MaACL | ||
| 005 | 20230906212432.0 | ||
| 008 | 041104q18691878sp |||| | spa d | ||
| 040 |
_aCAM _bspa _cCAM |
||
| 100 | 1 |
_aPigault-Lebrun ( _d1753-1835) _9131157 |
|
| 245 | 1 | 3 |
_aEl afortunado Jerónimo / _cPigault-Lebrun ; versión castellana por Emilio Sánchez de la Riva. |
| 260 |
_aMadrid : _bUrbano Manini, editor, _c[s.a.] ( _fImprenta de A. Ruiz de Castroviejo) |
||
| 300 |
_a224 p. ; _c18 cm. |
||
| 490 | 1 | _aBiblioteca de lujo | |
| 596 | _aUrbano Manini parece que ejerce ca. 1868-1879. | ||
| 700 | 1 |
_aSánchez de la Riva, Emilio. _9133032 |
|
| 830 | 0 |
_aBiblioteca de lujo _9188378 |
|
| 852 |
_aES-MaACL _jD-2442 _z-- Rúst. _z-- Legado de Modesto de la Fuente |
||
| 999 |
_c162128 _d162128 |
||